Football Teams Andrew Surman Played For - Statistics

General Stats
  • This quiz has been taken 7 times
  • The average score is 5 of 6
Answer Stats
Team % Correct
AFC Bournemouth
100%
Norwich City
100%
Southampton
100%
Milton Keynes Dons
67%
Wolverhampton Wanderers
67%
Walsall
33%
No matching quizzes found
Score Distribution
Percent of People with Each Score
Percentile by Number Answered
Your Score History
You have not taken this quiz